000 00688cam a2200229 4500
008 090401t1997 xxu||||| |||| 00| 0 eng d
020 _a0333675932
035 _a(Sirsi) u80862
041 0 _aeng
050 0 4 _a692.5 $2 18
100 1 _aMurray, G.
245 0 0 _aMeasurement of building services
260 _aBasingstoke, Hampshire
_bMacmillan
_c1997
300 _aix, 158p.
_c24cm.
350 _a18.99
490 0 _aMacmillan Building and Surveying Series
650 2 4 _aSTANDARD METHOD OF MEASUREMENT (SEVENTH EDITION)
651 4 _aUnited Kingdom
_y
690 _aBUILT ENVIRONMENT-BUILDING ELEMENTS-COMPLETE BUILDING SERVICES ELEMENTS
942 _n0
948 _c12/09/1997
999 _c96640
_d96640